[Event "22nd ETCC Women 2019"]
[Site "Batumi"]
[Date "2019.10.24"]
[Round "1.16"]
[White "Sargsyan, Anna M."]
[Black "Norlamo, Sarabella"]
[Result "1-0"]
[WhiteElo "2242"]
[BlackElo "2020"]
[Annotator "NA"]
[PlyCount "119"]
[EventDate "2019.10.24"]
[EventType "team-tourn"]
[EventCountry "GEO"]
[SourceTitle "playchess.com"]
[Source "ChessBase"]
[SourceQuality "1"]
[WhiteTeam "Armenia"]
[BlackTeam "Finland"]
[WhiteTeamCountry "ARM"]
[BlackTeamCountry "FIN"]
[TimeControl "40/5400+30:1800+30"]

1. d4 {[%emt 0:00:00]} Nf6 {[%emt 0:00:00]} 2. c4 {[%emt 0:00:00]} e6 {[%emt 0:00:00]} 3. Nf3 {[%emt 0:00:00]} b6 {[%emt 0:00:15]} 4. g3 {[%emt 0:00:00]} Ba6 {[%emt 0:00:25]} 5. Qc2 {[%emt 0:00:00]} Bb4+ {[%emt 0:01:16]} 6. Bd2 {[%emt 0:00:08]} Be7 {[%emt 0:00:21]} 7. Bg2 {[%emt 0:00:26]} O-O {[%emt 0:05:34]} 8. O-O {[%emt 0:03:31]} d5 {[%emt 0:03:57]} 9. cxd5 {[%emt 0:03:16]} Bxe2 {[%emt 0:17:20]} 10. dxe6 {[%emt 0:00:49]} Bxf1 {[%emt 0:06:54]} 11. exf7+ {[%emt 0:00:15]} Kh8 {[%emt 0:00:18]} 12. Kxf1 {[%emt 0:04:12]} c6 {[%emt 0:10:21]} 13. Ng5 {[%emt 0:04:14]} Qc8 {[%emt 0:02:53]} 14. Bh3 {[%emt 0:00:13]} Nbd7 {[%emt 0:04:15]} 15. Nc3 {[%emt 0:01:05]} h6 {[%emt 0:06:31]} 16. Ne6 {[%emt 0:03:01]} Rxf7 {[%emt 0:00:29]} 17. Nf4 {[%emt 0:03:47]} Qa6+ {[%emt 0:05:58]} 18. Kg1 {[%emt 0:03:45]} Nf8 {[%emt 0:00:20]} 19. Qb3 {[%emt 0:01:38]} Kg8 {[%emt 0:02:04]} 20. Bf1 {[%emt 0:03:53]} b5 {[%emt 0:01:23]} 21. Nd3 {[%emt 0:02:53]} N8d7 {[%emt 0:01:58]} 22. Bh3 {[%emt 0:01:00]} b4 {[%emt 0:07:04]} 23. Nxb4 {[%emt 0:00:59]} Bxb4 {[%emt 0:01:13]} 24. Be6 {[%emt 0:00:11]} Raf8 {[%emt 0:04:03]} 25. Qxb4 {[%emt 0:03:18]} Kh7 {[%emt 0:01:45]} 26. Bxf7 {[%emt 0:02:35]} Rxf7 {[%emt 0:00:02]} 27. Qb3 {[%emt 0:00:49]} Rf8 {[%emt 0:01:30]} 28. Qc2+ {[%emt 0:00:28]} Kh8 {[%emt 0:03:53]} 29. Re1 {[%emt 0:00:55]} Qc4 {[%emt 0:01:30]} 30. Be3 {[%emt 0:05:24]} Ng4 {[%emt 0:04:45]} 31. Qa4 {[%emt 0:02:26]} Nxe3 {[%emt 0:01:45]} 32. Rxe3 {[%emt 0:00:11]} Qf7 {[%emt 0:02:49]} 33. Re2 {[%emt 0:00:13]} Nb8 {[%emt 0:01:36]} 34. Qa3 {[%emt 0:01:20]} Kg8 {[%emt 0:00:40]} 35. Qe7 {[%emt 0:01:35]} Na6 {[%emt 0:00:42]} 36. Qe6 {[%emt 0:01:12]} Nb4 {[%emt 0:00:44]} 37. Qxf7+ {[%emt 0:01:28]} Rxf7 {[%emt 0:00:02]} 38. a3 {[%emt 0:00:15]} Nd3 {[%emt 0:00:40]} 39. b4 {[%emt 0:01:59]} a5 {[%emt 0:01:13]} 40. bxa5 {[%emt 0:00:00]} Ra7 {[%emt 0:00:00]} 41. Re3 {[%emt 0:03:33]} Nc1 {[%emt 0:05:59]} 42. Re6 {[%emt 0:03:33]} Rxa5 {[%emt 0:03:17]} 43. a4 {[%emt 0:01:37]} Nb3 {[%emt 0:04:00]} 44. Rxc6 {[%emt 0:00:52]} Nxd4 {[%emt 0:00:17]} 45. Rd6 {[%emt 0:01:02]} Nb3 {[%emt 0:05:24]} 46. Rb6 {[%emt 0:03:05]} Nd4 {[%emt 0:02:09]} 47. Kg2 {[%emt 0:00:24]} Rc5 {[%emt 0:03:57]} 48. Nb5 {[%emt 0:01:18]} Nxb5 {[%emt 0:02:28]} 49. axb5 {[%emt 0:00:51]} Rc2 {[%emt 0:00:45]} 50. Rc6 {[%emt 0:00:05]} Rb2 {[%emt 0:00:16]} 51. b6 {[%emt 0:00:04]} Kh7 {[%emt 0:02:13]} 52. Kf3 {[%emt 0:00:04]} Rb3+ {[%emt 0:00:24]} 53. Ke4 {[%emt 0:00:39]} Rb2 {[%emt 0:01:29]} 54. Kd5 {[%emt 0:00:55]} Rxf2 {[%emt 0:00:55]} 55. Kc5 {[%emt 0:00:09]} Rb2 {[%emt 0:01:12]} 56. Kd6 {[%emt 0:00:27]} Rf2 {[%emt 0:02:23]} 57. b7 {[%emt 0:00:12]} Rf6+ {[%emt 0:00:29]} 58. Kd5 {[%emt 0:00:14]} Rf5+ {[%emt 0:00:14]} 59. Kc4 {[%emt 0:00:05]} Rf8 {[%emt 0:00:24]} 60. Rc8 {[%emt 0:00:07]} 1-0

[Event "22nd ETCC Women 2019"]
[Site "Batumi"]
[Date "2019.10.24"]
[Round "1.16"]
[White "Makka, Ioulia"]
[Black "Majdan, Joanna"]
[Result "1-0"]
[WhiteElo "2048"]
[BlackElo "2352"]
[Annotator "NA"]
[PlyCount "63"]
[EventDate "2019.10.24"]
[EventType "team-tourn"]
[EventCountry "GEO"]
[SourceTitle "playchess.com"]
[Source "ChessBase"]
[SourceQuality "1"]
[WhiteTeam "Greece"]
[BlackTeam "Poland"]
[WhiteTeamCountry "GRE"]
[BlackTeamCountry "POL"]
[TimeControl "40/5400+30:1800+30"]

1. e4 {[%emt 0:00:00]} c5 {[%emt 0:00:00]} 2. Nf3 {[%emt 0:00:00]} d6 {[%emt 0:00:00]} 3. d4 {[%emt 0:00:00]} cxd4 {[%emt 0:00:00]} 4. Nxd4 {[%emt 0:00:00]} Nf6 {[%emt 0:00:00]} 5. Nc3 {[%emt 0:00:00]} a6 {[%emt 0:00:00]} 6. Be2 {[%emt 0:00:11]} Nc6 {[%emt 0:01:45]} 7. O-O {[%emt 0:08:28]} e5 {[%emt 0:01:52]} 8. Nb3 {[%emt 0:03:31]} Be7 {[%emt 0:05:21]} 9. Kh1 {[%emt 0:06:11]} O-O {[%emt 0:03:07]} 10. a4 {[%emt 0:28:22]} Nb4 {[%emt 0:12:23]} 11. f4 {[%emt 0:06:36]} b6 {[%emt 0:08:53]} 12. Bf3 {[%emt 0:05:23]} Bb7 {[%emt 0:01:12]} 13. Rf2 {[%emt 0:10:07]} Qc7 {[%emt 0:01:31]} 14. Be3 {[%emt 0:06:35]} Rac8 {[%emt 0:10:39]} 15. Rd2 {[%emt 0:01:40]} Bc6 {[%emt 0:08:28]} 16. Qg1 {[%emt 0:02:31]} Rb8 {[%emt 0:02:08]} 17. g4 {[%emt 0:04:19]} d5 {[%emt 0:07:19]} 18. exd5 {[%emt 0:03:24]} exf4 {[%emt 0:00:27]} 19. dxc6 {[%emt 0:03:09]} fxe3 {[%emt 0:00:04]} 20. Qxe3 {[%emt 0:00:12]} h6 {[%emt 0:03:46]} 21. Nd4 {[%emt 0:02:08]} Bc5 {[%emt 0:07:27]} 22. g5 {[%emt 0:02:05]} Rfe8 {[%emt 0:04:23]} 23. Qg1 {[%emt 0:01:17]} hxg5 {[%emt 0:01:21]} 24. Qxg5 {[%emt 0:00:27]} Nh7 {[%emt 0:02:11]} 25. Qg2 {[%emt 0:00:49]} Rbd8 {[%emt 0:04:33]} 26. Nf5 {[%emt 0:01:39]} Qe5 {[%emt 0:03:02]} 27. Rxd8 {[%emt 0:01:02]} Rxd8 {[%emt 0:00:03]} 28. c7 {[%emt 0:02:52]} Re8 {[%emt 0:03:17]} 29. Be4 {[%emt 0:00:49]} Kh8 {[%emt 0:02:26]} 30. Rd1 {[%emt 0:00:23]} Be7 {[%emt 0:02:27]} 31. Nxe7 {[%emt 0:00:35]} Qxe7 {[%emt 0:00:18]} 32. Qh3 {[%emt 0:00:19]} 1-0

[Event "22nd ETCC Women 2019"]
[Site "Batumi"]
[Date "2019.10.24"]
[Round "1.17"]
[White "Peng, Zhaoqin"]
[Black "Goossens, Hanne"]
[Result "0-1"]
[WhiteElo "2364"]
[BlackElo "2156"]
[Annotator "NA"]
[PlyCount "86"]
[EventDate "2019.10.24"]
[EventType "team-tourn"]
[EventCountry "GEO"]
[SourceTitle "playchess.com"]
[Source "ChessBase"]
[SourceQuality "1"]
[WhiteTeam "Netherlands"]
[BlackTeam "Belgium"]
[WhiteTeamCountry "NED"]
[BlackTeamCountry "BEL"]
[TimeControl "40/5400+30:1800+30"]

1. c4 {[%emt 0:00:00]} Nf6 {[%emt 0:00:00]} 2. Nc3 {[%emt 0:00:22]} g6 {[%emt 0:00:00]} 3. e4 {[%emt 0:01:13]} d6 {[%emt 0:01:12]} 4. d4 {[%emt 0:00:16]} Bg7 {[%emt 0:00:20]} 5. Bd3 {[%emt 0:00:32]} O-O {[%emt 0:00:28]} 6. Nge2 {[%emt 0:00:11]} a6 {[%emt 0:00:49]} 7. O-O {[%emt 0:00:58]} Nbd7 {[%emt 0:00:23]} 8. Bc2 {[%emt 0:09:01]} c5 {[%emt 0:01:48]} 9. d5 {[%emt 0:00:16]} Ne5 {[%emt 0:00:59]} 10. b3 {[%emt 0:00:43]} b5 {[%emt 0:02:06]} 11. f4 {[%emt 0:08:36]} Ned7 {[%emt 0:03:21]} 12. Rb1 {[%emt 0:01:27]} Nb6 {[%emt 0:09:00]} 13. cxb5 {[%emt 0:07:20]} axb5 {[%emt 0:00:09]} 14. Nxb5 {[%emt 0:06:58]} Rxa2 {[%emt 0:04:40]} 15. Nec3 {[%emt 0:10:53]} Ra8 {[%emt 0:04:16]} 16. h3 {[%emt 0:02:02]} Ba6 {[%emt 0:02:43]} 17. Bd3 {[%emt 0:03:33]} Qd7 {[%emt 0:08:18]} 18. Re1 {[%emt 0:02:37]} e6 {[%emt 0:09:12]} 19. dxe6 {[%emt 0:17:57]} fxe6 {[%emt 0:01:31]} 20. Bf1 {[%emt 0:18:02]} d5 {[%emt 0:07:12]} 21. e5 {[%emt 0:01:09]} Nh5 {[%emt 0:02:33]} 22. Qg4 {[%emt 0:00:53]} d4 {[%emt 0:12:41]} 23. Na4 {[%emt 0:00:06]} Nxa4 {[%emt 0:02:45]} 24. bxa4 {[%emt 0:00:01]} d3 {[%emt 0:01:27]} 25. Be3 {[%emt 0:02:29]} c4 {[%emt 0:02:40]} 26. Rec1 {[%emt 0:01:10]} Rac8 {[%emt 0:10:06]} 27. Nc3 {[%emt 0:00:08]} Nxf4 {[%emt 0:02:28]} 28. Bxf4 {[%emt 0:01:43]} Qd4+ {[%emt 0:00:05]} 29. Kh1 {[%emt 0:00:17]} Qxf4 {[%emt 0:02:05]} 30. Qxe6+ {[%emt 0:01:39]} Kh8 {[%emt 0:00:37]} 31. Re1 {[%emt 0:02:04]} Ra8 {[%emt 0:04:25]} 32. Qd5 {[%emt 0:00:48]} Rae8 {[%emt 0:00:57]} 33. Re4 {[%emt 0:00:30]} Qg3 {[%emt 0:01:06]} 34. Qd4 {[%emt 0:00:33]} Rxe5 {[%emt 0:00:55]} 35. Rg4 {[%emt 0:00:32]} Qe3 {[%emt 0:01:01]} 36. Qxe3 {[%emt 0:00:27]} Rxe3 {[%emt 0:00:03]} 37. Nd5 {[%emt 0:00:04]} Re5 {[%emt 0:02:33]} 38. Nc7 {[%emt 0:00:06]} Bc8 {[%emt 0:01:17]} 39. Rxc4 {[%emt 0:00:08]} d2 {[%emt 0:00:08]} 40. Rd1 {[%emt 0:00:00]} Re1 {[%emt 0:00:00]} 41. Rxd2 {[%emt 0:02:11]} Rexf1+ {[%emt 0:02:54]} 42. Kh2 {[%emt 0:00:08]} Be5+ {[%emt 0:00:11]} 43. g3 {[%emt 0:00:10]} Bb7 {[%emt 0:00:30]} 0-1

[Event "22nd ETCC Women 2019"]
[Site "Batumi"]
[Date "2019.10.24"]
[Round "1.17"]
[White "Reizniece-Ozola, Dana"]
[Black "Mammadzada, Gunay"]
[Result "0-1"]
[WhiteElo "2297"]
[BlackElo "2427"]
[Annotator "NA"]
[PlyCount "60"]
[EventDate "2019.10.24"]
[EventType "team-tourn"]
[EventCountry "GEO"]
[SourceTitle "playchess.com"]
[Source "ChessBase"]
[SourceQuality "1"]
[WhiteTeam "Latvia"]
[BlackTeam "Azerbaijan"]
[WhiteTeamCountry "LAT"]
[BlackTeamCountry "AZE"]
[TimeControl "40/5400+30:1800+30"]

1. c4 {[%emt 0:00:00]} e6 {[%emt 0:00:00]} 2. Nf3 {[%emt 0:00:39]} d5 {[%emt 0:00:00]} 3. e3 {[%emt 0:00:38]} Nf6 {[%emt 0:00:18]} 4. Nc3 {[%emt 0:02:04]} Be7 {[%emt 0:00:35]} 5. d3 {[%emt 0:03:52]} O-O {[%emt 0:05:59]} 6. g3 {[%emt 0:02:43]} c5 {[%emt 0:05:47]} 7. Bg2 {[%emt 0:00:44]} d4 {[%emt 0:03:56]} 8. exd4 {[%emt 0:01:46]} cxd4 {[%emt 0:00:24]} 9. Nb5 {[%emt 0:05:31]} Nc6 {[%emt 0:04:52]} 10. O-O {[%emt 0:00:26]} Ne8 {[%emt 0:12:43]} 11. Rb1 {[%emt 0:23:00]} e5 {[%emt 0:05:40]} 12. b4 {[%emt 0:07:58]} f6 {[%emt 0:08:57]} 13. Bd2 {[%emt 0:14:17]} Be6 {[%emt 0:02:59]} 14. Re1 {[%emt 0:04:37]} Qd7 {[%emt 0:07:22]} 15. a4 {[%emt 0:04:19]} a6 {[%emt 0:04:21]} 16. Na3 {[%emt 0:00:57]} a5 {[%emt 0:05:21]} 17. Nc2 {[%emt 0:00:32]} Nc7 {[%emt 0:05:46]} 18. b5 {[%emt 0:03:04]} Nd8 {[%emt 0:00:27]} 19. b6 {[%emt 0:04:38]} Na6 {[%emt 0:01:20]} 20. Bxa5 {[%emt 0:03:25]} Nc6 {[%emt 0:03:05]} 21. Bd2 {[%emt 0:07:20]} Nc5 {[%emt 0:01:32]} 22. Nb4 {[%emt 0:02:00]} Rxa4 {[%emt 0:06:04]} 23. Nd5 {[%emt 0:04:32]} Ra3 {[%emt 0:02:20]} 24. Nxe7+ {[%emt 0:00:51]} Qxe7 {[%emt 0:00:14]} 25. Bf1 {[%emt 0:01:33]} Nxd3 {[%emt 0:00:55]} 26. Bc1 {[%emt 0:00:41]} Nxc1 {[%emt 0:00:39]} 27. Rxc1 {[%emt 0:00:06]} Bg4 {[%emt 0:01:34]} 28. Bg2 {[%emt 0:00:40]} e4 {[%emt 0:00:51]} 29. Ra1 {[%emt 0:00:36]} Bxf3 {[%emt 0:00:46]} 30. Bxf3 {[%emt 0:00:19]} Rxf3 {[%emt 0:00:12]} 0-1

[Event "22nd ETCC Women 2019"]
[Site "Batumi"]
[Date "2019.10.24"]
[Round "1.18"]
[White "Balajayeva, Khanim"]
[Black "Rogule, Laura"]
[Result "1-0"]
[WhiteElo "2368"]
[BlackElo "2269"]
[Annotator "NA"]
[PlyCount "67"]
[EventDate "2019.10.24"]
[EventType "team-tourn"]
[EventCountry "GEO"]
[SourceTitle "playchess.com"]
[Source "ChessBase"]
[SourceQuality "1"]
[WhiteTeam "Azerbaijan"]
[BlackTeam "Latvia"]
[WhiteTeamCountry "AZE"]
[BlackTeamCountry "LAT"]
[TimeControl "40/5400+30:1800+30"]

1. e4 {[%emt 0:00:00]} c5 {[%emt 0:00:00]} 2. c3 {[%emt 0:00:00]} Nf6 {[%emt 0:00:00]} 3. e5 {[%emt 0:00:00]} Nd5 {[%emt 0:00:07]} 4. Bc4 {[%emt 0:00:00]} Nb6 {[%emt 0:02:08]} 5. Bb3 {[%emt 0:00:12]} c4 {[%emt 0:01:38]} 6. Bc2 {[%emt 0:00:06]} d5 {[%emt 0:04:23]} 7. exd6 {[%emt 0:01:43]} Qxd6 {[%emt 0:10:46]} 8. Ne2 {[%emt 0:08:28]} g6 {[%emt 0:12:59]} 9. b3 {[%emt 0:08:10]} Bg7 {[%emt 0:03:03]} 10. Na3 {[%emt 0:05:55]} Be6 {[%emt 0:07:48]} 11. bxc4 {[%emt 0:17:47]} Nxc4 {[%emt 0:07:32]} 12. Nb5 {[%emt 0:01:52]} Qd7 {[%emt 0:02:25]} 13. Nf4 {[%emt 0:10:10]} a6 {[%emt 0:12:45]} 14. Na3 {[%emt 0:04:44]} Nxa3 {[%emt 0:03:53]} 15. Bxa3 {[%emt 0:00:04]} Bc4 {[%emt 0:01:39]} 16. Bb3 {[%emt 0:04:15]} Bb5 {[%emt 0:08:41]} 17. Nd5 {[%emt 0:05:23]} O-O {[%emt 0:06:59]} 18. Rc1 {[%emt 0:06:33]} Qe6+ {[%emt 0:06:00]} 19. Ne3 {[%emt 0:00:04]} Qf6 {[%emt 0:03:10]} 20. c4 {[%emt 0:02:54]} Bc6 {[%emt 0:00:04]} 21. O-O {[%emt 0:00:23]} Nd7 {[%emt 0:00:19]} 22. Nd5 {[%emt 0:02:48]} Bxd5 {[%emt 0:00:06]} 23. cxd5 {[%emt 0:00:02]} Rfc8 {[%emt 0:00:20]} 24. Re1 {[%emt 0:01:43]} Bf8 {[%emt 0:00:26]} 25. Qg4 {[%emt 0:04:51]} Nb6 {[%emt 0:00:35]} 26. Rb1 {[%emt 0:00:40]} h5 {[%emt 0:01:39]} 27. Qe4 {[%emt 0:00:18]} Nd7 {[%emt 0:01:45]} 28. d6 {[%emt 0:03:30]} exd6 {[%emt 0:01:34]} 29. Bb2 {[%emt 0:00:04]} Qf5 {[%emt 0:00:23]} 30. Qd4 {[%emt 0:02:13]} Ne5 {[%emt 0:00:12]} 31. f4 {[%emt 0:00:06]} Rc5 {[%emt 0:01:25]} 32. fxe5 {[%emt 0:00:41]} dxe5 {[%emt 0:00:07]} 33. Qe3 {[%emt 0:00:36]} Rc7 {[%emt 0:00:55]} 34. Qxe5 {[%emt 0:00:25]} 1-0

[Event "22nd ETCC Women 2019"]
[Site "Batumi"]
[Date "2019.10.24"]
[Round "1.18"]
[White "Vanduyfhuys, Daria"]
[Black "Haast, Anne"]
[Result "1/2-1/2"]
[WhiteElo "1983"]
[BlackElo "2288"]
[Annotator "NA"]
[PlyCount "100"]
[EventDate "2019.10.24"]
[EventType "team-tourn"]
[EventCountry "GEO"]
[SourceTitle "playchess.com"]
[Source "ChessBase"]
[SourceQuality "1"]
[WhiteTeam "Belgium"]
[BlackTeam "Netherlands"]
[WhiteTeamCountry "BEL"]
[BlackTeamCountry "NED"]
[TimeControl "40/5400+30:1800+30"]

1. d4 {[%emt 0:00:00]} f5 {[%emt 0:00:09]} 2. c4 {[%emt 0:00:38]} Nf6 {[%emt 0:00:47]} 3. Nc3 {[%emt 0:00:38]} d6 {[%emt 0:00:43]} 4. Nf3 {[%emt 0:00:34]} g6 {[%emt 0:02:45]} 5. g3 {[%emt 0:02:39]} Bg7 {[%emt 0:02:42]} 6. Bg2 {[%emt 0:01:03]} O-O {[%emt 0:00:45]} 7. O-O {[%emt 0:00:43]} c6 {[%emt 0:02:36]} 8. Qc2 {[%emt 0:05:58]} Na6 {[%emt 0:02:21]} 9. a3 {[%emt 0:10:10]} Qc7 {[%emt 0:03:05]} 10. b4 {[%emt 0:26:21]} e5 {[%emt 0:02:07]} 11. Bb2 {[%emt 0:01:53]} e4 {[%emt 0:17:44]} 12. Nd2 {[%emt 0:04:17]} Qf7 {[%emt 0:05:39]} 13. Rac1 {[%emt 0:07:59]} g5 {[%emt 0:04:44]} 14. Nd1 {[%emt 0:11:30]} Re8 {[%emt 0:07:37]} 15. Qc3 {[%emt 0:05:59]} Nc7 {[%emt 0:21:18]} 16. f3 {[%emt 0:06:44]} exf3 {[%emt 0:01:45]} 17. Qxf3 {[%emt 0:00:37]} Qg6 {[%emt 0:01:50]} 18. Qd3 {[%emt 0:07:33]} f4 {[%emt 0:11:22]} 19. gxf4 {[%emt 0:01:24]} Bf5 {[%emt 0:02:58]} 20. e4 {[%emt 0:01:47]} Nxe4 {[%emt 0:00:41]} 21. Nxe4 {[%emt 0:00:06]} Bxe4 {[%emt 0:00:05]} 22. Bxe4 {[%emt 0:00:05]} Qxe4 {[%emt 0:00:51]} 23. Qxe4 {[%emt 0:00:49]} Rxe4 {[%emt 0:00:01]} 24. fxg5 {[%emt 0:00:16]} Ne6 {[%emt 0:01:10]} 25. d5 {[%emt 0:01:51]} Nxg5 {[%emt 0:02:08]} 26. Bxg7 {[%emt 0:00:15]} Kxg7 {[%emt 0:00:10]} 27. Rc2 {[%emt 0:01:02]} Rae8 {[%emt 0:03:10]} 28. Kh1 {[%emt 0:00:32]} Re2 {[%emt 0:00:59]} 29. Rc3 {[%emt 0:00:34]} Ne4 {[%emt 0:00:39]} 30. Rcf3 {[%emt 0:00:29]} Rd2 {[%emt 0:00:58]} 31. Rg1+ {[%emt 0:00:30]} Kh8 {[%emt 0:00:12]} 32. Rf7 {[%emt 0:00:28]} cxd5 {[%emt 0:00:27]} 33. cxd5 {[%emt 0:00:05]} Rxd5 {[%emt 0:00:11]} 34. Ne3 {[%emt 0:00:50]} Rg5 {[%emt 0:00:15]} 35. Rc1 {[%emt 0:00:38]} Kg8 {[%emt 0:00:57]} 36. Rcc7 {[%emt 0:00:30]} Rc8 {[%emt 0:00:58]} 37. h4 {[%emt 0:00:28]} Rxc7 {[%emt 0:00:25]} 38. Rxc7 {[%emt 0:00:04]} Rg3 {[%emt 0:01:04]} 39. Nf5 {[%emt 0:00:46]} Rxa3 {[%emt 0:00:06]} 40. Rxb7 {[%emt 0:00:00]} a6 {[%emt 0:00:00]} 41. Rb6 {[%emt 0:02:27]} Kf7 {[%emt 0:05:02]} 42. Nxd6+ {[%emt 0:00:19]} Nxd6 {[%emt 0:00:05]} 43. Rxd6 {[%emt 0:00:03]} Rh3+ {[%emt 0:00:23]} 44. Kg2 {[%emt 0:00:07]} Rxh4 {[%emt 0:00:03]} 45. Rxa6 {[%emt 0:00:17]} Rxb4 {[%emt 0:00:12]} 46. Kh3 {[%emt 0:00:12]} Kg7 {[%emt 0:01:05]} 47. Kg3 {[%emt 0:00:09]} Rb1 {[%emt 0:00:51]} 48. Kh4 {[%emt 0:00:26]} Rh1+ {[%emt 0:01:03]} 49. Kg5 {[%emt 0:00:25]} Rg1+ {[%emt 0:00:03]} 50. Kh5 {[%emt 0:00:11]} Rh1+ 1/2-1/2

[Event "22nd ETCC Women 2019"]
[Site "Batumi"]
[Date "2019.10.24"]
[Round "1.19"]
[White "Paulet, Iozefina"]
[Black "Barbier, Astrid"]
[Result "1-0"]
[WhiteElo "2288"]
[BlackElo "1974"]
[Annotator "NA"]
[PlyCount "81"]
[EventDate "2019.10.24"]
[EventType "team-tourn"]
[EventCountry "GEO"]
[SourceTitle "playchess.com"]
[Source "ChessBase"]
[SourceQuality "1"]
[WhiteTeam "Netherlands"]
[BlackTeam "Belgium"]
[WhiteTeamCountry "NED"]
[BlackTeamCountry "BEL"]
[TimeControl "40/5400+30:1800+30"]

1. e4 {[%emt 0:00:00]} c5 {[%emt 0:00:00]} 2. Nf3 {[%emt 0:00:00]} g6 {[%emt 0:00:00]} 3. d4 {[%emt 0:00:00]} cxd4 {[%emt 0:00:00]} 4. Nxd4 {[%emt 0:00:04]} Nc6 {[%emt 0:00:00]} 5. c4 {[%emt 0:00:22]} Bg7 {[%emt 0:00:12]} 6. Be3 {[%emt 0:00:38]} Nf6 {[%emt 0:00:21]} 7. Nc3 {[%emt 0:00:08]} Ng4 {[%emt 0:01:36]} 8. Qxg4 {[%emt 0:02:08]} Nxd4 {[%emt 0:00:16]} 9. Qd1 {[%emt 0:00:34]} Ne6 {[%emt 0:00:23]} 10. Qd2 {[%emt 0:01:54]} O-O {[%emt 0:03:06]} 11. Be2 {[%emt 0:04:00]} d6 {[%emt 0:03:17]} 12. O-O-O {[%emt 0:16:19]} b6 {[%emt 0:05:39]} 13. h4 {[%emt 0:05:57]} Ba6 {[%emt 0:14:02]} 14. h5 {[%emt 0:01:24]} Rc8 {[%emt 0:18:38]} 15. Bh6 {[%emt 0:08:43]} Bxh6 {[%emt 0:06:35]} 16. Qxh6 {[%emt 0:00:49]} g5 {[%emt 0:00:17]} 17. Bg4 {[%emt 0:04:35]} Ng7 {[%emt 0:17:25]} 18. Bxc8 {[%emt 0:06:55]} Qxc8 {[%emt 0:01:10]} 19. Qxg5 {[%emt 0:00:07]} f6 {[%emt 0:01:14]} 20. Qd5+ {[%emt 0:00:42]} Kh8 {[%emt 0:00:26]} 21. h6 {[%emt 0:00:36]} Ne6 {[%emt 0:01:42]} 22. b3 {[%emt 0:00:39]} Rg8 {[%emt 0:02:28]} 23. Kb1 {[%emt 0:04:31]} Bb7 {[%emt 0:06:08]} 24. Qf5 {[%emt 0:02:53]} Rg5 {[%emt 0:02:53]} 25. Qf3 {[%emt 0:07:36]} a6 {[%emt 0:01:41]} 26. Nd5 {[%emt 0:00:26]} Qd8 {[%emt 0:00:53]} 27. g3 {[%emt 0:00:42]} Nc5 {[%emt 0:02:26]} 28. Rhe1 {[%emt 0:03:49]} Bc6 {[%emt 0:05:02]} 29. Qc3 {[%emt 0:07:40]} b5 {[%emt 0:03:28]} 30. f4 {[%emt 0:01:10]} Rg6 {[%emt 0:01:19]} 31. cxb5 {[%emt 0:01:22]} axb5 {[%emt 0:00:48]} 32. b4 {[%emt 0:00:49]} Bxd5 {[%emt 0:00:18]} 33. bxc5 {[%emt 0:03:48]} Bc4 {[%emt 0:00:26]} 34. cxd6 {[%emt 0:00:07]} exd6 {[%emt 0:00:26]} 35. e5 {[%emt 0:00:09]} Qa8 {[%emt 0:01:15]} 36. exf6 {[%emt 0:01:02]} Kg8 {[%emt 0:00:57]} 37. Rxd6 {[%emt 0:03:14]} Bxa2+ {[%emt 0:00:52]} 38. Kc1 {[%emt 0:00:37]} Bf7 {[%emt 0:00:11]} 39. Red1 {[%emt 0:00:36]} Be8 {[%emt 0:00:47]} 40. Rd8 {[%emt 0:00:00]} Qe4 {[%emt 0:00:00]} 41. Re1 {[%emt 0:00:25]} 1-0

[Event "22nd ETCC Women 2019"]
[Site "Batumi"]
[Date "2019.10.24"]
[Round "1.19"]
[White "Berzina, Ilze"]
[Black "Fataliyeva, Ulviyya"]
[Result "0-1"]
[WhiteElo "2216"]
[BlackElo "2368"]
[Annotator "NA"]
[PlyCount "106"]
[EventDate "2019.10.24"]
[EventType "team-tourn"]
[EventCountry "GEO"]
[SourceTitle "playchess.com"]
[Source "ChessBase"]
[SourceQuality "1"]
[WhiteTeam "Latvia"]
[BlackTeam "Azerbaijan"]
[WhiteTeamCountry "LAT"]
[BlackTeamCountry "AZE"]
[TimeControl "40/5400+30:1800+30"]

1. e4 {[%emt 0:00:00]} e6 {[%emt 0:00:00]} 2. d4 {[%emt 0:00:00]} d5 {[%emt 0:00:00]} 3. Nd2 {[%emt 0:00:00]} Be7 {[%emt 0:00:00]} 4. Ngf3 {[%emt 0:03:32]} Nf6 {[%emt 0:00:00]} 5. Bd3 {[%emt 0:01:44]} c5 {[%emt 0:00:19]} 6. exd5 {[%emt 0:06:02]} exd5 {[%emt 0:00:35]} 7. dxc5 {[%emt 0:00:53]} O-O {[%emt 0:00:53]} 8. O-O {[%emt 0:03:10]} Bxc5 {[%emt 0:01:10]} 9. Nb3 {[%emt 0:03:13]} Bb6 {[%emt 0:00:19]} 10. h3 {[%emt 0:02:21]} Nc6 {[%emt 0:10:21]} 11. c3 {[%emt 0:02:02]} Ne4 {[%emt 0:03:14]} 12. Nbd4 {[%emt 0:10:30]} Qf6 {[%emt 0:05:59]} 13. Be3 {[%emt 0:04:07]} Re8 {[%emt 0:03:06]} 14. Re1 {[%emt 0:03:27]} h6 {[%emt 0:11:42]} 15. Bc2 {[%emt 0:08:08]} Ne7 {[%emt 0:05:52]} 16. Nb5 {[%emt 0:20:58]} a6 {[%emt 0:12:52]} 17. Bxb6 {[%emt 0:01:24]} Qxb6 {[%emt 0:00:22]} 18. Nbd4 {[%emt 0:14:18]} Qxb2 {[%emt 0:06:16]} 19. c4 {[%emt 0:02:10]} Nf6 {[%emt 0:03:57]} 20. cxd5 {[%emt 0:00:21]} Nexd5 {[%emt 0:04:30]} 21. Rxe8+ {[%emt 0:04:00]} Nxe8 {[%emt 0:00:04]} 22. Bb3 {[%emt 0:01:07]} Nef6 {[%emt 0:02:31]} 23. Ne5 {[%emt 0:02:51]} Be6 {[%emt 0:04:24]} 24. Rb1 {[%emt 0:01:03]} Qc3 {[%emt 0:01:27]} 25. Rc1 {[%emt 0:00:31]} Qb4 {[%emt 0:01:01]} 26. Nxe6 {[%emt 0:00:58]} fxe6 {[%emt 0:00:07]} 27. Ng4 {[%emt 0:02:14]} Nxg4 {[%emt 0:06:09]} 28. Bxd5 {[%emt 0:00:20]} Nxf2 {[%emt 0:01:24]} 29. Bxe6+ {[%emt 0:00:18]} Kh8 {[%emt 0:00:05]} 30. Qd5 {[%emt 0:02:22]} Ne4 {[%emt 0:03:02]} 31. Rc8+ {[%emt 0:00:53]} Rxc8 {[%emt 0:00:03]} 32. Bxc8 {[%emt 0:00:07]} Qb6+ {[%emt 0:01:17]} 33. Kh2 {[%emt 0:00:22]} Qd6+ {[%emt 0:05:28]} 34. Qxd6 {[%emt 0:00:07]} Nxd6 {[%emt 0:00:03]} 35. Be6 {[%emt 0:00:08]} g6 {[%emt 0:00:07]} 36. Kg3 {[%emt 0:00:22]} Kg7 {[%emt 0:00:21]} 37. Kf4 {[%emt 0:00:17]} Kf6 {[%emt 0:00:12]} 38. Bd5 {[%emt 0:00:35]} b5 {[%emt 0:00:09]} 39. h4 {[%emt 0:00:42]} Nf5 {[%emt 0:00:59]} 40. g3 {[%emt 0:00:00]} g5+ {[%emt 0:00:00]} 41. hxg5+ {[%emt 0:00:59]} hxg5+ {[%emt 0:00:21]} 42. Kf3 {[%emt 0:00:07]} Ke5 {[%emt 0:00:28]} 43. Bb7 {[%emt 0:00:33]} a5 {[%emt 0:00:07]} 44. Bc8 {[%emt 0:03:10]} Nd4+ {[%emt 0:00:58]} 45. Ke3 {[%emt 0:01:52]} Nf5+ {[%emt 0:06:59]} 46. Kf3 {[%emt 0:00:13]} a4 {[%emt 0:00:14]} 47. Bd7 {[%emt 0:01:08]} a3 {[%emt 0:01:38]} 48. Kg4 {[%emt 0:03:16]} Nd4 {[%emt 0:00:10]} 49. Kxg5 {[%emt 0:01:08]} b4 {[%emt 0:00:06]} 50. Ba4 {[%emt 0:04:37]} b3 {[%emt 0:00:06]} 51. Bxb3 {[%emt 0:00:06]} Nxb3 {[%emt 0:00:04]} 52. g4 {[%emt 0:00:16]} Nc1 {[%emt 0:00:19]} 53. Kh6 {[%emt 0:00:15]} Nxa2 0-1